Scotland Cities Map Quiz - Statistics

General Stats
  • This quiz has been taken 1,104 times
  • The average score is 8 of 12
Answers on the Map
Answers color-coded by a green-red scale on the quiz's map according to % correct below.
 
Answer Stats
Answer % Correct
Glasgow
86%
Edinburgh
85%
Aberdeen
82%
Inverness
81%
Kirkwall
65%
Dundee
64%
Fort William
55%
Perth
54%
Ayr
53%
Dumfries
52%
Stirling
49%
Portree
47%
No matching quizzes found
Score Distribution
Percent of People with Each Score
Percentile by Number Answered
Your Score History
You have not taken this quiz